<?xml version="1.0" encoding="UTF-8"?>
<record
    xmlns:xsi="http://www.w3.org/2001/XMLSchema-instance"
    xsi:schemaLocation="http://www.loc.gov/MARC21/slim http://www.loc.gov/standards/marcxml/schema/MARC21slim.xsd"
    xmlns="http://www.loc.gov/MARC21/slim">

  <leader>02874nam a2200397 i 4500</leader>
  <controlfield tag="001">193491</controlfield>
  <controlfield tag="003">SpMaBN</controlfield>
  <controlfield tag="005">20250824052203.0</controlfield>
  <controlfield tag="007">ta</controlfield>
  <controlfield tag="008">240102s2023    sp a   | |||| 000 d spa  </controlfield>
  <datafield tag="017" ind1=" " ind2=" ">
    <subfield code="a">MA 662-2023</subfield>
    <subfield code="b">Oficina Dep&#xF3;sito Legal M&#xE1;laga</subfield>
  </datafield>
  <datafield tag="020" ind1=" " ind2=" ">
    <subfield code="a">9788419442727</subfield>
  </datafield>
  <datafield tag="035" ind1=" " ind2=" ">
    <subfield code="a">a7330310</subfield>
  </datafield>
  <datafield tag="040" ind1=" " ind2=" ">
    <subfield code="a">SpMaBN</subfield>
    <subfield code="b">spa</subfield>
    <subfield code="c">SpMaBN</subfield>
    <subfield code="e">rda</subfield>
    <subfield code="d">ES-MaACL</subfield>
  </datafield>
  <datafield tag="080" ind1=" " ind2=" ">
    <subfield code="a">821.134.2-2"19"</subfield>
  </datafield>
  <datafield tag="100" ind1="1" ind2=" ">
    <subfield code="a">Gir&#xF3;n Irueste, Enrique</subfield>
    <subfield code="9">174772</subfield>
    <subfield code="e">aut</subfield>
  </datafield>
  <datafield tag="245" ind1="1" ind2="0">
    <subfield code="a">Entre los hunos y los hotros /</subfield>
    <subfield code="c">Enrique Gir&#xF3;n Irueste ; pr&#xF3;logo a cargo de Miguel A. Moreta-Lara.</subfield>
  </datafield>
  <datafield tag="250" ind1=" " ind2=" ">
    <subfield code="a">Primera edici&#xF3;n: mayo 2023</subfield>
  </datafield>
  <datafield tag="264" ind1=" " ind2="1">
    <subfield code="a">[M&#xE1;laga] :</subfield>
    <subfield code="b">Ediciones del Genal,</subfield>
    <subfield code="c">[2023]</subfield>
  </datafield>
  <datafield tag="300" ind1=" " ind2=" ">
    <subfield code="a">69 p&#xE1;ginas :</subfield>
    <subfield code="b">ilustraciones (blanco y negro y color) ;</subfield>
    <subfield code="c">21 cm</subfield>
  </datafield>
  <datafield tag="336" ind1=" " ind2=" ">
    <subfield code="a">Texto</subfield>
    <subfield code="2">rdacontent</subfield>
  </datafield>
  <datafield tag="337" ind1=" " ind2=" ">
    <subfield code="a">sin mediaci&#xF3;n</subfield>
    <subfield code="2">rdamedia</subfield>
  </datafield>
  <datafield tag="338" ind1=" " ind2=" ">
    <subfield code="a">volumen</subfield>
    <subfield code="2">rdacarrier</subfield>
  </datafield>
  <datafield tag="490" ind1="1" ind2=" ">
    <subfield code="a">Colecci&#xF3;n Tanagra de textos teatrales ;</subfield>
    <subfield code="v">n&#xBA; 3</subfield>
  </datafield>
  <datafield tag="520" ind1=" " ind2=" ">
    <subfield code="a">Manuel Aza&#xF1;a y Miguel de Unamuno, o, mejor dicho, sus esp&#xED;ritus, protagonizan esta ficci&#xF3;n. Ambos personajes se reencuentran inopinadamente en un viejo teatro. Es un encuentro fr&#xED;o; el recuerdo de la guerra los separa ideol&#xF3;gicamente. Tras el l&#xF3;gico desencuentro inicial, en los que no faltan momentos de gran tensi&#xF3;n, se produce paulatinamente un acercamiento. En cierto modo, representan a esas dos Espa&#xF1;as hist&#xF3;ricamente irreconciliables. Este es un enfrentamiento que desgraciadamente parece seguir presente en nuestros d&#xED;as.
Aza&#xF1;a y Unamuno, a trav&#xE9;s de sus propias confesiones, nos muestran tambi&#xE9;n su lado m&#xE1;s personal, m&#xE1;s humano. Tratan asimismo, a su manera, de justificar su actuaci&#xF3;n en aquella Espa&#xF1;a que les toc&#xF3; vivir, quej&#xE1;ndose -sobre todo Aza&#xF1;a- del trato, a su juicio injusto, que la historia le ha dado. Por otra parte, la idea de la reconciliaci&#xF3;n planea continuamente por el escenario&#x2026; En definitiva, en Entre los hunos y los hotros se pretende resaltar la dimensi&#xF3;n humana de sus protagonistas, por encima de cualquier otra consideraci&#xF3;n ideol&#xF3;gica o pol&#xED;tica. Probablemente si las circunstancias no los hubiera enfrentado habr&#xED;an llegado a ser grandes amigos pero&#x2026;</subfield>
  </datafield>
  <datafield tag="586" ind1=" " ind2=" ">
    <subfield code="a">Mejor autor&#xED;a original IX Premio Escenamateur "Juan Mayorga", Almagro 2022</subfield>
  </datafield>
  <datafield tag="655" ind1=" " ind2="0">
    <subfield code="a">Teatro</subfield>
    <subfield code="9">234794</subfield>
  </datafield>
  <datafield tag="830" ind1=" " ind2=" ">
    <subfield code="a">Colecci&#xF3;n Tanagra de textos teatrales ;</subfield>
    <subfield code="v">3</subfield>
    <subfield code="9">234795</subfield>
  </datafield>
  <datafield tag="852" ind1=" " ind2=" ">
    <subfield code="a">ES-MaACL</subfield>
    <subfield code="b">R.154814</subfield>
    <subfield code="c">DEPOJ</subfield>
    <subfield code="j">N-9695</subfield>
    <subfield code="h">Donaci&#xF3;n: Enrique Gir&#xF3;n Irueste</subfield>
    <subfield code="9">200970 </subfield>
    <subfield code="x">Encuadernaci&#xF3;n r&#xFA;stica con solapas</subfield>
    <subfield code="z">Incluye marcap&#xE1;ginas con la fotograf&#xED;a de la cubierta</subfield>
  </datafield>
  <datafield tag="903" ind1=" " ind2=" ">
    <subfield code="9">174772</subfield>
    <subfield code="a">Gir&#xF3;n Irueste, Enrique</subfield>
    <subfield code="e">dnr</subfield>
  </datafield>
  <datafield tag="942" ind1=" " ind2=" ">
    <subfield code="n">0</subfield>
    <subfield code="c">MONOGRAFIA</subfield>
  </datafield>
  <datafield tag="999" ind1=" " ind2=" ">
    <subfield code="c">193491</subfield>
    <subfield code="d">193491</subfield>
  </datafield>
  <datafield tag="952" ind1=" " ind2=" ">
    <subfield code="0">0</subfield>
    <subfield code="1">0</subfield>
    <subfield code="2">udc</subfield>
    <subfield code="4">0</subfield>
    <subfield code="7">0</subfield>
    <subfield code="a">ATENEOM</subfield>
    <subfield code="b">ATENEOM</subfield>
    <subfield code="c">DEPOJ</subfield>
    <subfield code="d">2023-11-08</subfield>
    <subfield code="e">DONACION</subfield>
    <subfield code="l">0</subfield>
    <subfield code="o">N-9695</subfield>
    <subfield code="p">101206250</subfield>
    <subfield code="r">2024-01-02 00:00:00</subfield>
    <subfield code="w">2024-01-02</subfield>
    <subfield code="y">MONOGRAFIA</subfield>
  </datafield>
</record>
